Missing Word: TV IA - IZ Quiz Stats

 Plays Quiz Updated May 21, 2019

Score 0/20 Timer 04:00
0 Plays Today
TV Show Answer % Correct
I Didn't Do ___ (I)It
96%
(The) Invisible ___ (M)Man
95.6%
I Want My Wife ___ (B)Back
94.8%
Inspector ___ (G)Gadget
94.6%
(The) Incredible ___ (H)Hulk
94.2%
I Love ___ (L)Lucy
93.9%
In the Heat of the ___ (N)Night
93.6%
I Love New ___ (Y)York
92.2%
It's Always Sunny in ___ (P)Philadelphia
91.5%
I Dream of ___ (J)Jeannie
86.7%
TV Show Answer % Correct
It's Like, You ___... (K)Know
85.1%
In Case of ___ (E)Emergency
76.8%
If Loving You is ___ (W)Wrong
76.5%
Ice Road ___ (T)Truckers
75.9%
Iron Chef ___ (A)America
73.5%
Iron and ___ (F)Fire
73.1%
Inside Amy ___ (S)Schumer
66.3%
(The) IT ___ (C)Crowd
56.8%
Incredible Crash ___ (D)Dummies
55.4%
Invader ___ (Z)Zim
36.1%

Today's Daily Dose

You're not logged in!

Compare scores with friends on all Sporcle quizzes.
OR
Log In

Sporcle TV

Today on Sporcle TV


Watch our educational content, quiz creation guides, and fun videos on Sporcle TV.

Show Comments

Extras

Top Quizzes Today


Score Distribution

Your Account Isn't Verified!

In order to create a playlist on Sporcle, you need to verify the email address you used during registration. Go to your Sporcle Settings to finish the process.

Report this User

Report this user for behavior that violates our Community Guidelines.

Details: